Cuadernos de información: La nueva estructura del sistema educativo
Gespeichert in:
| 1. Verfasser: | |
|---|---|
| Format: | keine Angabe |
| Sprache: | Spanisch |
| Erschienen: |
Madrid
Gracosa
1972
|
| Katalog: | MANES: Suchergebnis im Bibliothekskatalog |
| Schulbuchspezifische Eigenschaften: |
|
| Tags: |
Tag hinzufügen
Keine Tags, Fügen Sie den ersten Tag hinzu!
|
| Hinzugefügt zu: | 26.04.2016 |
| Geändert in: | 20.11.2024 |
MARC
| LEADER | 000000000a22000000004500 | ||
|---|---|---|---|
| 001 | 19293 | ||
| 003 | OSt | ||
| 005 | 20241121020152.0 | ||
| 008 | 160427s sp ||||| |||| 00| 0 spa d | ||
| 041 | 1 | |a spa | |
| 040 | |c centro_manes | ||
| 691 | 0 | |a SE | |
| 100 | 1 | |a Sin autor |9 11659 | |
| 245 | 0 | 0 | |a Cuadernos de información: La nueva estructura del sistema educativo |
| 260 | 3 | |a Madrid |b Gracosa |c 1972 | |
| 300 | |a 38p. |c 15 * 19,5 cm | ||
| 500 | |a ILUSTRACIONES: Contiene fotos en blanco y negro. ENCUADERNACIÓN: Rústica. DESCRIPCIÓN CONTENIDO: Libro informativo sobre las reformas educativas y estructura del sistema educativo. PALABRAS CLAVE: Educación. Sistema educativo. NéMERO EJEMPLARES: 1. Nº TOPOGRÁFICO: 3801. CONSERVACIÓN: Buena. |a nivel: Libro para formación de maestros. | ||
| 690 | 0 | |a LEN | |
| 942 | |2 ddc |c BK | ||
| 546 | |a España | ||
| 999 | |c 25261 |d 25261 | ||
| 999 | |c manes:25261 |d 25261 | ||